| 000 | 00655nam a22002057a 4500 | ||
|---|---|---|---|
| 005 | 20220817044509.0 | ||
| 008 | 111110s2011 it a r 00110 eng d | ||
| 010 | _a102527 | ||
| 011 | _a103499 | ||
| 020 | _a9789251068786 | ||
| 035 | _a114188 | ||
| 082 | 0 | 4 |
_a582.01662 _bF21y |
| 110 | 2 | _aFAO | |
| 245 | 1 | 0 |
_aReport of the lake victoria fisheries organization and FAO regional stakeholders<U+2019> workshop on fishing effort and capacity on lake victoria _c/por FAO |
| 260 |
_aRome : _bFAO, _c2008 |
||
| 300 | _av, 58 p. | ||
| 500 | _aMukono, Republic of Uganda, 8 November 2006 | ||
| 590 |
_aCONVERSION _b10 _c20130109 _lUCH01 _h1356 |
||
| 901 | _aBK | ||
| 999 |
_c102527 _d102527 |
||